[Event "Loire-ch op"]
[Site "Loire"]
[Date "2004.03.06"]
[Round "4"]
[White "Rogues, Jean Luc"]
[Black "Bruyas, Benjamin"]
[Result "1/2-1/2"]
[WhiteElo "1500"]
[BlackElo "1310"]
[PlyCount "83"]
[EventDate "2004.01.10"]
[EventType "swiss"]
[EventRounds "9"]
[EventCountry "FRA"]
[SourceTitle "EXT 2008"]
[Source "ChessBase"]
[SourceDate "2007.11.25"]
[SourceVersion "1"]
[SourceVersionDate "2007.11.25"]
[SourceQuality "1"]

1. e4 e6 2. d4 d5 3. Bd3 c5 4. Nf3 cxd4 5. Nxd4 Bc5 6. c3 Nc6 7. Nxc6 bxc6 8. b4 Bb6 9. 0-0 e5 10. a4 Nf6 11. Bg5 h6 12. Bxf6 Qxf6 13. a5 Bc7 14. Nd2 0-0 15. Qb3 Be6 16. c4 d4 17. b5 Rfb8 18. Qa4 cxb5 19. cxb5 Bd7 20. Rab1 a6 21. f3 axb5 22. Bxb5 Bxb5 23. Rxb5 Qd8 24. Nc4 f6 25. Ra1 Ra6 26. Qb4 d3 27. Kf1 Qd4 28. Rxb8+ Bxb8 29. Qxb8+ Kh7 30. Rc1 d2 31. Nxd2 Qxd2 32. Qc7 Rxa5 33. Qc3 Ra2 34. Qxd2 Rxd2 35. Rc3 h5 36. h3 g5 37. Rc6 Kg6 38. Rc3 Rd4 39. Re3 g4 40. Kf2 gxh3 41. gxh3 Kg5 42. Re2 1/2-1/2